[Event "Hamburg-ch Seniors 22nd"]
[Site "Hamburg"]
[Date "2015.11.01"]
[Round "6"]
[White "Behrensen Senfft, Joern"]
[Black "Zechel, Rolf Ruediger"]
[Result "1-0"]
[WhiteElo "1674"]
[BlackElo "1645"]
[PlyCount "77"]
[EventDate "2015.10.28"]
[EventType "swiss"]
[EventRounds "9"]
[EventCountry "GER"]
[SourceTitle "EXT 2018"]
[Source "ChessBase"]
[SourceDate "2017.10.13"]
[SourceVersion "1"]
[SourceVersionDate "2017.10.13"]
[SourceQuality "1"]

1. d4 Nf6 2. Nf3 d5 3. e3 g6 4. Be2 Bg7 5. b3 Nbd7 6. Bb2 0-0 7. Nbd2 c5 8. Rc1 b6 9. 0-0 Bb7 10. c3 e6 11. Qc2 Rc8 12. Ne5 cxd4 13. exd4 Nxe5 14. dxe5 Nd7 15. f4 Qe7 16. Nf3 Rfd8 17. Nd4 a6 18. Bd3 b5 19. Qe2 Nb6 20. Qf2 Qc7 21. Ba3 Rd7 22. Bd6 Qd8 23. Qg3 Bf8 24. Bxf8 Kxf8 25. Qh3 Kg7 26. Qg4 Qe7 27. f5 Qc5 28. fxe6 fxe6 29. Kh1 Qe7 30. Nxe6+ Kh8 31. Ng5 Rf8 32. Rxf8+ Qxf8 33. Rf1 Qg7 34. e6 Re7 35. Rf7 Qxc3 36. Qd1 Qc7 37. h4 d4 38. Bxg6 Qg3 39. Qxd4+ 1-0

[Event "Hamburg-ch Seniors 22nd"]
[Site "Hamburg"]
[Date "2015.11.01"]
[Round "5"]
[White "Schulz, Hans Juergen"]
[Black "Behrensen Senfft, Joern"]
[Result "1-0"]
[WhiteElo "1945"]
[BlackElo "1674"]
[PlyCount "63"]
[EventDate "2015.10.28"]
[EventType "swiss"]
[EventRounds "9"]
[EventCountry "GER"]
[SourceTitle "EXT 2018"]
[Source "ChessBase"]
[SourceDate "2017.10.13"]
[SourceVersion "1"]
[SourceVersionDate "2017.10.13"]
[SourceQuality "1"]

1. e4 e6 2. Nf3 d5 3. e5 c5 4. b4 Qb6 5. bxc5 Bxc5 6. d4 Bb4+ 7. c3 Be7 8. Bd3 Bd7 9. a4 Nc6 10. Na3 a6 11. Rb1 Qc7 12. 0-0 Nh6 13. c4 Nf5 14. Bxf5 exf5 15. cxd5 Bxa3 16. dxc6 Bxc1 17. cxd7+ Qxd7 18. Qxc1 0-0 19. Qb2 Rab8 20. Qb4 Rfc8 21. Rfc1 Rxc1+ 22. Rxc1 b5 23. h3 h6 24. Rc5 Qa7 25. axb5 a5 26. Qa4 g5 27. Rc6 g4 28. hxg4 fxg4 29. Nd2 Rd8 30. Nb3 Kg7 31. Ra6 Qd7 32. Rd6 1-0

[Event "Hamburg-ch Seniors 21st"]
[Site "Hamburg"]
[Date "2014.10.31"]
[Round "4"]
[White "Hofmeier, Arthur"]
[Black "Behrensen Senfft, Joern"]
[Result "0-1"]
[WhiteElo "1247"]
[BlackElo "1525"]
[PlyCount "64"]
[EventDate "2014.10.29"]
[EventType "swiss"]
[EventRounds "9"]
[EventCountry "GER"]
[SourceTitle "EXT 2018"]
[Source "ChessBase"]
[SourceDate "2017.10.13"]
[SourceVersion "1"]
[SourceVersionDate "2017.10.13"]
[SourceQuality "1"]

1. e4 e6 2. Bc4 d5 3. exd5 exd5 4. Bb3 Nf6 5. h3 c5 6. Ne2 Bd6 7. d3 0-0 8. c4 d4 9. Na3 a6 10. Nc2 Bf5 11. 0-0 Nc6 12. a3 Qc7 13. f4 Rfe8 14. Bd2 Re7 15. Ng3 Bxd3 16. Rf3 Be4 17. Nxe4 Rxe4 18. Qf1 Rae8 19. Ne1 Re2 20. Rd1 Nh5 21. Nd3 Na5 22. Ba2 Nc6 23. Bb1 R2e6 24. b3 g6 25. Re1 Rxe1 26. Nxe1 Qe7 27. g4 Bxf4 28. Bxf4 Nxf4 29. Rxf4 Qxe1 30. Bd3 Qg3+ 31. Kh1 Re1 32. Rf6 Qxh3+ 0-1

[Event "Hamburg-ch MB"]
[Site "Hamburg"]
[Date "2014.06.08"]
[Round "2"]
[White "Schoenfisch, Norbert"]
[Black "Behrensen Senfft, Joern"]
[Result "1-0"]
[WhiteElo "1795"]
[BlackElo "1767"]
[PlyCount "51"]
[EventDate "2014.06.07"]
[EventType "swiss"]
[EventRounds "9"]
[EventCountry "GER"]
[SourceTitle "CBM 161 Extra"]
[Source "ChessBase"]
[SourceDate "2014.08.29"]
[SourceVersion "1"]
[SourceVersionDate "2014.08.29"]
[SourceQuality "1"]

1. d4 e6 2. c4 d5 3. Nf3 Nf6 4. Nc3 Be7 5. e3 c5 6. Bd3 cxd4 7. exd4 b6 8. 0-0 dxc4 9. Bxc4 Ba6 10. Bxa6 0-0 11. Bb7 Nbd7 12. Bxa8 Qxa8 13. Bf4 h6 14. Rc1 Nh5 15. Qd2 g5 16. Bg3 f5 17. Ne5 Nxg3 18. fxg3 Nxe5 19. dxe5 Rd8 20. Qe2 Bc5+ 21. Kh1 Rd7 22. g4 f4 23. Qe4 Qe8 24. Rcd1 Kg7 25. Rxd7+ Qxd7 26. Rd1 1-0

[Event "Pinneberg-ch"]
[Site "Pinneberg"]
[Date "2014.??.??"]
[Round "3"]
[White "Behrensen Senfft, Joern"]
[Black "Hadlich, Winfried"]
[Result "1/2-1/2"]
[WhiteElo "1514"]
[BlackElo "1784"]
[PlyCount "116"]
[EventDate "2014.08.21"]
[EventType "swiss"]
[EventRounds "7"]
[EventCountry "GER"]
[SourceTitle "EXT 2017"]
[Source "ChessBase"]
[SourceDate "2016.10.25"]
[SourceVersion "1"]
[SourceVersionDate "2016.10.25"]
[SourceQuality "1"]

1. d4 Nf6 2. c4 g6 3. Nf3 Bg7 4. g3 d6 5. Bg2 c6 6. Nc3 Nbd7 7. e4 0-0 8. 0-0 e5 9. Be3 Qc7 10. h3 Re8 11. d5 Nf8 12. Rc1 c5 13. Qd2 a6 14. b3 Bd7 15. Ng5 h6 16. Nf3 Qc8 17. Bxh6 b5 18. Bxg7 Kxg7 19. Ng5 N8h7 20. f4 b4 21. Ne2 Nxg5 22. fxg5 Nh7 23. h4 f6 24. gxf6+ Nxf6 25. Qg5 Nh7 26. Qe3 Rf8 27. Rxf8 Qxf8 28. Rf1 Qe7 29. Kh1 Rf8 30. Rxf8 Qxf8 31. Ng1 Bg4 32. Bf3 Nf6 33. Kg2 a5 34. Qe2 Qc8 35. Bxg4 Qxg4 36. Qxg4 Nxg4 37. Kf3 Nf6 38. Ne2 Nd7 39. Ke3 Nf6 40. Ng1 Nd7 41. Nf3 Nb6 42. Nd2 a4 43. g4 Kh6 44. Kd3 Kg7 45. g5 Kf7 46. Nf3 axb3 47. axb3 Na8 48. Nh2 Nc7 49. Ng4 Ne8 50. Nh6+ Kf8 51. Ke3 Ng7 52. Ng4 Nh5 53. Kd2 Nf4 54. Nf6 Ng2 55. h5 gxh5 56. Nxh5 Kf7 57. Nf6 Nh4 58. Nd7 Nf3+ 1/2-1/2

[Event "Pinneberg-ch"]
[Site "Pinneberg"]
[Date "2014.??.??"]
[Round "4"]
[White "Iwanow, Thomas"]
[Black "Behrensen Senfft, Joern"]
[Result "1-0"]
[WhiteElo "1748"]
[BlackElo "1514"]
[PlyCount "68"]
[EventDate "2014.08.21"]
[EventType "swiss"]
[EventRounds "7"]
[EventCountry "GER"]
[SourceTitle "EXT 2017"]
[Source "ChessBase"]
[SourceDate "2016.10.25"]
[SourceVersion "1"]
[SourceVersionDate "2016.10.25"]
[SourceQuality "1"]

1. d4 Nf6 2. Nf3 g6 3. e3 Bg7 4. c4 d5 5. Nc3 Bg4 6. Be2 0-0 7. cxd5 Nxd5 8. h3 Nxc3 9. bxc3 Bd7 10. a4 c5 11. 0-0 cxd4 12. cxd4 Nc6 13. Rb1 b6 14. Bd2 Rc8 15. Bb5 Nb8 16. Bxd7 Nxd7 17. Qb3 Nf6 18. Rfc1 Qd5 19. Qd3 Rxc1+ 20. Rxc1 Ne4 21. Bb4 Qb7 22. Qc4 Bf6 23. Qc7 Rb8 24. Ne5 Bxe5 25. Qxe5 Nd6 26. Bxd6 exd6 27. Qxd6 Rc8 28. Rxc8+ Qxc8 29. d5 Qc5 30. Qd8+ Kg7 31. d6 Qc1+ 32. Kh2 Qb2 33. Qe8 Qc2 34. d7 Qxa4 1-0

[Event "Pinneberg op Seniors 14th"]
[Site "Pinneberg"]
[Date "2013.06.20"]
[Round "1"]
[White "Behrensen Senfft, Joern"]
[Black "Brueckner, Gerhard"]
[Result "0-1"]
[WhiteElo "1475"]
[BlackElo "1733"]
[PlyCount "70"]
[EventDate "2013.06.20"]
[EventType "swiss"]
[EventRounds "7"]
[EventCountry "GER"]
[SourceTitle "EXT 2017"]
[Source "ChessBase"]
[SourceDate "2016.10.25"]
[SourceVersion "1"]
[SourceVersionDate "2016.10.25"]
[SourceQuality "1"]

1. d4 e5 2. d5 Bc5 3. e4 Nf6 4. Bg5 Bxf2+ 5. Ke2 Bxg1 6. Rxg1 d6 7. h3 Bd7 8. Nc3 Na6 9. Kf2 Nc5 10. Qe1 h6 11. Bd2 Nh7 12. Be2 Qf6+ 13. Bf3 Ng5 14. Bxg5 hxg5 15. b4 Na6 16. Ne2 c6 17. Kg3 g4 18. Bxg4 Qg5 19. Qc3 cxd5 20. Rgf1 Qh4+ 21. Kf3 dxe4+ 22. Ke3 Bxg4 23. hxg4 Qxg4 24. g3 Rh2 25. Qc4 f6 26. Rae1 Rc8 27. Qb5+ Kf8 28. Qxb7 Nxb4 29. Qxb4 Qg5+ 30. Kxe4 Rxe2+ 31. Rxe2 Qg4+ 32. Rf4 Qxe2+ 33. Kd5 exf4 34. Qxd6+ Qe7 35. Qxf4 Qe5+ 0-1

[Event "Hamburg-ch A-Klasse"]
[Site "Hamburg"]
[Date "2013.05.19"]
[Round "2"]
[White "Behrensen Senfft, Joern"]
[Black "Mattiat, Kay"]
[Result "1-0"]
[WhiteElo "1308"]
[BlackElo "1775"]
[PlyCount "51"]
[EventDate "2013.05.18"]
[EventType "swiss"]
[EventRounds "9"]
[EventCountry "GER"]
[SourceTitle "EXT 2022"]
[Source "ChessBase"]
[SourceDate "2021.10.06"]
[SourceVersion "1"]
[SourceVersionDate "2021.10.06"]
[SourceQuality "1"]

1. d4 d5 2. e3 Nf6 3. Bd3 e6 4. Nd2 c5 5. c3 Nc6 6. f4 cxd4 7. exd4 Bd6 8. Ne2 Nh5 9. 0-0 0-0 10. Nf3 Qc7 11. Ne5 f6 12. Bxh7+ Kxh7 13. Qd3+ Kg8 14. Ng6 Re8 15. Qh3 Nxf4 16. Bxf4 e5 17. Qh8+ Kf7 18. Qh5 exf4 19. Ngxf4+ Kf8 20. Nxd5 Bxh2+ 21. Kh1 Qf7 22. Rxf6 gxf6 23. Qh8+ Qg8 24. Qxf6+ Qf7 25. Qh8+ Qg8 26. Rf1+ 1-0